|
|
|
|
| LEADER |
01044nam a2200277 a 4500 |
| 001 |
29190 |
| 003 |
BD-DhAAL |
| 005 |
20150421163438.0 |
| 008 |
150421s2015 ii b b 001 0 eng d |
| 010 |
|
|
|a \\2001417488
|
| 020 |
|
|
|a 9789849144786
|
| 040 |
|
|
|a DLC
|c DLC
|d BD-DhAAL
|
| 082 |
0 |
0 |
|a 327.5492
|2 21
|
| 999 |
|
|
|c 34285
|d 34285
|
| 999 |
|
|
|c 6757
|
| 100 |
1 |
|
|a Rashid, Harun ur,
|d 1934-
|9 10596
|
| 245 |
1 |
0 |
|a Bangladesh foreign policy :
|c by Harun ur Rashid.
|b realities, priorities and challenges
|
| 250 |
|
|
|a Third revised edition
|
| 260 |
|
|
|a Dhaka :
|b Academic press and publishers library,
|c 2015.
|
| 300 |
|
|
|a xx, 569 p. :
|b map ;
|c 22 cm.
|
| 504 |
|
|
|a Includes bibliographical references and index.
|
| 541 |
1 |
|
|e 29190
|
| 651 |
|
0 |
|a Bangladesh
|x Foreign relations.
|9 10597
|
| 852 |
4 |
|
|a Ayesha Abed Library
|j General shelf
|
| 942 |
|
|
|2 ddc
|c BK
|
| 952 |
|
|
|0 0
|1 0
|2 ddc
|4 0
|6 327_549200000000000_RAS
|7 0
|9 53526
|a BRACUL
|b BRACUL
|c GEN
|d 2015-04-21
|e Development Book Agency
|g 500.00
|l 4
|m 40
|o 327.5492 RAS
|p 3010029190
|r 2024-09-29
|s 2024-02-20
|t 1
|w 2015-04-21
|y BK
|